| 000 | 00875cam a2200289 a 4500 | ||
|---|---|---|---|
| 001 | 000014865 | ||
| 005 | 20200929163919.0 | ||
| 008 | 891010s1998 sp 000 f spa d | ||
| 020 | _a8420638080 | ||
| 035 | _a(DLC) 89872808 | ||
| 040 |
_aDO-SdBNP _bspa _cBNPHU _dDLC |
||
| 082 |
_a863.5 _bP438d |
||
| 100 | 1 |
_aPérez Galdós, Benito, _d1843-1920 _93681 |
|
| 245 | 1 | 0 |
_aDoña Perfecta / _cBenito Pérez Galdós. |
| 260 |
_aMadrid : _bAlianza, _cc1998. |
||
| 300 |
_a270 p. ; _c18 cm. |
||
| 490 | 1 | _aLibro de bolsillo | |
| 490 | 1 | _aBiblioteca Pérez Galdós | |
| 500 | _aEl primer ejemplar es la primera reimpresión del 1999. | ||
| 650 | 4 |
_aNovela española _91123 |
|
| 650 | 4 |
_aLiteratura española _9632 |
|
| 830 | 0 |
_aBiblioteca Pérez Galdós _922408 |
|
| 830 | 0 |
_aLibro de bolsillo _94727 |
|
| 910 | _aCatalogación derivada | ||
| 910 | _aWM | ||
| 049 | _aBNGR | ||
| 999 |
_c14445 _d14445 |
||